000 00523nam a2200133Ia 4500
008 170221s9999 xx 000 0 und d
245 _aGuaranteeing Method for the Stability of Cluster Structure Formed by Autonomous Decentralized Clustering Mechanism Ryo Hamamoto, Chisa Takano, Kenji Ishida, and Masaki Aida
260 _bJournal of Communications
260 _c2015
300 _a10 : 8
650 _xCommunication
650 _xMedia Arts
856 _uhttp://www.jocm.us/index.php?m=content&c=index&a=lists&catid=150
999 _c307032
_d307032